01431nam a22003737a 450000100060000000300090000600500170001500700060003200800350003802000150007304000220008808200180011009200090012810000310013724501640016826000490033230000290038149000330041050000740044350400330051765000300055065000320058070000420061270000370065470000350069170000150072683000330074194200120077494500380078695201550082495600250097995600380100499900150104200147DO-SdBNP20171116120641.000147151104b 1986 sp |||| 00| 0 spa d a8475253237 aBPMSUbspacBPMSU 4a843.8bV531ch a b 1 aVerne, Jules, d1828-1905.10aEl chancellor /cJules Verne ; introducción Luis María Brox ; traducción Javier Torrente ; apéndice Constantino Bértolo Cadenas ; ilustración Riou. aMadrid : bEdiciones Generales Anaya, c1986 a254 p. :bil. ;c20 cm.  aTus libros ; aMarinerosv66 aIncluye referencias bibliográficas y notas al pie de las páginas. aBibliografía : p. 252-254 aNOVELA JUVENIL FRANCESA  aLITERATURA JUVENIL FRANCESA12aBrox, Luis María, eintroducción 12aTorrente, Javier,etraducción 12aBértolo Cadenas, Constantino12aRiou,eil. aTus libros ; n66pMarineros 2ddccBK aInventariado extranjero / 2017 VM 00102ddc40708CJ-GaBPMETbBPMETd2016-10-27eDonado Fundación Economía y Desarrollol0o843.8 V531cpBPMSU16100403r2016-10-27w2016-10-27yBK aLorenza Pérezb10 aVMATEOb10c20161027dBPMSUf0069 c8542d8542